00841 a2200229 4500008004100000010001400041020002300055035001300078037001800091082001100109100002400120245006700144250001200211260004200223270008100265300002400346500004800370710000600418942004500424999001500469952012700484080822t xxu||||| |||| 00| 0 eng d aENG-85094 a818868970Xc595.00 aEN-68627 bD.B.Act / Pub a670.42 aEl Wakil, Sheruif D aProcesses and design for manufacturingcby Sheruif D. El Wakil a2nd ed. aNew DelhibOverseas Press Indiac2006 a7/28, Ansari Road, Darya GanjbNew Delhie110 002moverseas@de13.vsnl.nic.in ax,614p.b24cm.(Pbk) aincludes bibliographical refrence and index b. adplcENk670.42 / EIW2ddch670.42 mEIW c1338d1338 00104070aDBADbDBADd2008-08-22g595.00l0o670.42 EIWpEN-68627r2008-09-15 00:00:00t1u1411v595.00w2008-09-15yEN